000 01483nam a2200397 i 4500
001 44289
003 ES-MaCES
005 20241212040004.0
008 051014s2013 sp l 000 | spa d
017 _aM 18750-2013
_bDL
020 _a9788490201763
040 _aES-MaCES
_bspa
_cES-MaCES
245 0 0 _aEstatuto de los Trabajadores
_b: comentado y con Jurisprudencia
_cSalvador del Rey Guanter, dir. ; [Rubén Agote Eguizábal, Carolina Gala Durán y Manuel Luque Parra (coords.]
250 _a3ª ed
260 _aLas Rozas (Madrid)
_bLa Ley
_c2013
300 _a1956 p.
_c25 cm
500 _aÍndices
541 _cCompra
610 1 7 _aEspaña
_tEstatuto de los Trabajadores, 1995. Texto Refundido
_2
_92877
650 4 _aEstatuto de los Trabajadores
_930784
650 4 _a1995
_930872
650 4 _atexto
_929624
650 4 _acomentario
_928971
650 4 _areforma legislativa
_929892
650 4 _ajurisprudencia
_928624
650 4 _aderecho jurisprudencial
_929863
653 1 0 _aDerecho del trabajo y Seguridad Social
700 1 _aRey Guanter, Salvador del
_edir.
_921969
700 1 _aAgote Eguizábal, Rubén
_ecol.
_95639
700 1 _aGala Durán, Carolina
_ecol.
_912569
700 1 _aLuque Parra, Manuel
_ecol.
_917160
710 1 _aEspaña
_tEstatuto de los Trabajadores, 1995. Texto Refundido
_92877
775 0 _tEstatuto de los Trabajadores comentado y con Jurisprudencia
_w(ES-MaCES)18087
902 _aLIB Libro
942 _2CES
_cBK
_h6.0.1.
999 _c44289
_d44289